Ordinationes praepositorum generalium et instructiones ad provinciales et superiores societatis. (Record n. 26125)
[ formato base ]
| 000 -LEADER | |
|---|---|
| fixed length control field | 00894nam a2200253 ib4500 |
| 003 - CONTROL NUMBER IDENTIFIER | |
| control field | IT-RoINE |
| 005 - DATE AND TIME OF LATEST TRANSACTION | |
| control field | 20180717100931.0 |
| 008 - FIXED-LENGTH DATA ELEMENTS--GENERAL INFORMATION | |
| fixed length control field | 040211s1838 fr |r 000|||lat|d |
| 040 ## - CATALOGING SOURCE | |
| Transcribing agency | IT-RoINE |
| Modifying agency | IT-RoINE |
| 041 #7 - LANGUAGE CODE | |
| Language code of text/sound track or separate title | lat |
| Source of code | ISO-639-2 |
| 110 2# - MAIN ENTRY--CORPORATE NAME | |
| Corporate name or jurisdiction name as entry element | Jesuitas |
| 9 (RLIN) | 187 |
| 245 01 - TITLE STATEMENT | |
| Title | Ordinationes praepositorum generalium et instructiones ad provinciales et superiores societatis. |
| 260 ## - PUBLICATION, DISTRIBUTION, ETC. (IMPRINT) | |
| Place of publication, distribution, etc | Avenione : |
| Name of publisher, distributor, etc | ex typographia Francisci Seguin, |
| Date of publication, distribution, etc | 1838. |
| 300 ## - PHYSICAL DESCRIPTION | |
| Extent | 763 p. ; |
| Dimensions | 22 cm. |
| 336 ## - CONTENT TYPE | |
| Source | rdacontent |
| Content type term | text |
| 337 ## - MEDIA TYPE | |
| Source | rdamedia |
| Media type term | unmediated |
| 338 ## - CARRIER TYPE | |
| Source | rdacarrier |
| Carrier type term | volume |
| 500 ## - GENERAL NOTE | |
| General note | Prefacción de Bernardo Angeli. |
| 500 ## - GENERAL NOTE | |
| General note | Incluye "Index generalis instituti Societatis Jesu": p. [371]-763. |
| 500 ## - GENERAL NOTE | |
| General note | "Septimæ Congregationis Generalis contractæ": p. [5]. |
| 610 24 - SUBJECT ADDED ENTRY--CORPORATE NAME | |
| 9 (RLIN) | 28827 |
| Corporate name or jurisdiction name as entry element | Jesuitas |
| General subdivision | Reglas |
| 700 1# - ADDED ENTRY--PERSONAL NAME | |
| Personal name | Angeli, Bernardo d', |
| Dates associated with a name | 1561-1623 |
| 9 (RLIN) | 51732 |
| 942 ## - ADDED ENTRY ELEMENTS (KOHA) | |
| Item type | Monografías |
| Withdrawn status | Lost status | Damaged status | Not for loan | Home library | Current library | Date acquired | Total Checkouts | Full call number | Barcode | Date last seen | Price effective from | Koha item type |
|---|---|---|---|---|---|---|---|---|---|---|---|---|
| Iglesia Nacional Española en Roma | Iglesia Nacional Española en Roma | 17/07/2018 | HIS.ECL 231 | 51744 | 17/07/2018 | 17/07/2018 | Monografías |